Global Commercial Property Monitor (Record no. 122049)
[ view plain ]
| 000 -LEADER | |
|---|---|
| fixed length control field | 01516nam a22002057a 4500 |
| 008 - FIXED-LENGTH DATA ELEMENTS--GENERAL INFORMATION | |
| fixed length control field | 241101s2024 xxk|||||o|||| 00| 0 eng d |
| 041 ## - LANGUAGE CODE | |
| Language code of text/sound track or separate title | eng |
| 110 ## - MAIN ENTRY--CORPORATE NAME | |
| Corporate author | Royal Institution of Chartered Surveyors |
| 245 ## - TITLE STATEMENT | |
| Title | Global Commercial Property Monitor |
| Subtitle | Q2 2024 |
| Medium | [Electronic resource] |
| 260 ## - PUBLICATION INFORMATION | |
| Place of publication | London, |
| Publisher | Royal Institution of Chartered Surveyors, |
| Date | July 2024 |
| 490 ## - SERIES TITLE | |
| Series statement | RICS Global Commercial Property Monitor |
| Volume | Q2 2024 |
| 520 ## - ABSTRACT | |
| Abstract | The headline RICS Global Commercial Property Sentiment <br/>Index (CPSI) for Q2 2024 was broadly unchanged from the <br/>first three months of the year at -11. Unsurprisingly, a similar <br/>picture is also evident in the underlying components of <br/>this series, with both elements remaining close to the Q1 <br/>readings; the Occupier Sentiment Index slipped very slightly <br/>from -8 to -10 while the Investment Sentiment Index edged <br/>up from -13 to -11. Although the gain in the latter was very <br/>marginal, it is worth noting (for the record) that it is now at its <br/>best level in two years (albeit still stuck in negative territory). |
| 650 ## - KEYWORDS | |
| Keywords | COMMERCIAL PROPERTY |
| 651 ## - SUBJECT ADDED ENTRY--GEOGRAPHIC NAME | |
| Geographic name | International |
| 690 ## - BROAD SUBJECT | |
| 9 (RLIN) | 6227 |
| Broad subject | Commercial property |
| 710 ## - ADDED CORPORATE NAME | |
| Added corporate author | Royal Institution of Chartered Surveyors |
| 856 ## - ONLINE RESOURCE | |
| Uniform Resource Identifier | <a href="https://www.rics.org/content/dam/ricsglobal/documents/market-surveys/RICS-Q2-2024-GCPM-Full-report.pdf">https://www.rics.org/content/dam/ricsglobal/documents/market-surveys/RICS-Q2-2024-GCPM-Full-report.pdf</a> |
| Public note | Available on RICS.org |
| 856 ## - ONLINE RESOURCE | |
| Uniform Resource Identifier | <a href="https://www.rics.org/profession-standards/knowledge-and-information-services">https://www.rics.org/profession-standards/knowledge-and-information-services</a> |
| Public note | If archived please email [email protected] |
| 942 ## - ADDED ENTRY ELEMENTS (KOHA) | |
| Suppress in OPAC | Do not suppress in OPAC |
| Lost status | Damaged status | Not for loan | Current library | Shelving location | Date acquired | Total Checkouts | Full call number | Date last seen | Price effective from | Koha item type |
|---|---|---|---|---|---|---|---|---|---|---|
| Virtual | Online | 01/11/2024 | PROPERTY MARKET DATA | 01/11/2024 | 01/11/2024 | Online material |